|
|
|
|
| LEADER |
01458nam a2200397Ia 4500 |
| 001 |
EBC861624 |
| 003 |
MiAaPQ |
| 005 |
20200520144314.0 |
| 006 |
m o d | |
| 007 |
cr cn||||||||| |
| 008 |
111012s2012 nju sb 001 0 eng d |
| 010 |
|
|
|z 2011037446
|
| 020 |
|
|
|z 9780813823973
|
| 020 |
|
|
|z 9781118229255
|
| 035 |
|
|
|a (MiAaPQ)EBC861624
|
| 035 |
|
|
|a (Au-PeEL)EBL861624
|
| 035 |
|
|
|a (CaPaEBR)ebr10538719
|
| 035 |
|
|
|a (CaONFJC)MIL361774
|
| 035 |
|
|
|a (OCoLC)777375705
|
| 040 |
|
|
|a MiAaPQ
|c MiAaPQ
|d MiAaPQ
|
| 050 |
|
4 |
|a TS170
|b .P758 2012
|
| 082 |
0 |
4 |
|a 658.8/3
|2 23
|
| 245 |
0 |
0 |
|a Product innovation toolbox
|h [electronic resource] :
|b a field guide to consumer understanding and research /
|c edited by Jacqueline Beckley, Dulce Paredes, Kannapon Lopetcharat.
|
| 260 |
|
|
|a Hoboken, NJ :
|b Wiley-Blackwell,
|c 2012.
|
| 300 |
|
|
|a xxiv, 392 p.
|
| 504 |
|
|
|a Includes bibliographical references and index.
|
| 533 |
|
|
|a Electronic reproduction. Ann Arbor, MI : ProQuest, 2015. Available via World Wide Web. Access may be limited to ProQuest affiliated libraries.
|
| 650 |
|
0 |
|a New products.
|
| 650 |
|
0 |
|a Consumer behavior.
|
| 650 |
|
0 |
|a Marketing research.
|
| 655 |
|
4 |
|a Electronic books.
|
| 700 |
1 |
|
|a Beckley, Jacqueline H.
|
| 700 |
1 |
|
|a Paredes, Maria Dulce.
|
| 700 |
1 |
|
|a Lopetcharat, Kannapon.
|
| 710 |
2 |
|
|a ProQuest (Firm)
|
| 856 |
4 |
0 |
|u https://ebookcentral.proquest.com/lib/matrademy/detail.action?docID=861624
|z Click to View
|